000 01366nam a2200421 a 4500
003 AR-BaBNM
005 20251128204501.0
008 082120s2002 ||||||||||||||000 | spa||
020 _a950-13-6118-7
040 _cAR-BaBNM
100 1 _aBorsotti, Carlos A.
245 0 0 _aSociedad rural, educación y escuela en América Latina
260 _aBuenos Aires
_bKapelusz
_bUnesco
_bCEPAL
_bPNUD
_c1986
300 _a287 p.
_bcuadros
490 0 _aBiblioteca de cultura pedagógica. Educación y sociedad
500 _aUNESCO: UNITED NATIONS EDUCATIONAL SCIENTIFIC AND CULTURAL ORGANIZATION
500 _aCEPAL: COMISION ECONOMICA PARA AMERICA LATINA
500 _aPNUD: PROGRAMA DE LAS NACIONES UNIDAS PARA EL DESARROLLO
504 _aBiibliografía p. 274-287
650 4 _aEDUCACION RURAL
650 4 _aANALFABETISMO
650 4 _aPERFIL PROFESIONAL DEL DOCENTE
650 4 _aSOCIALIZACION
650 4 _aRELACION ESCUELA-COMUNIDAD
650 4 _aFAMILIA RURAL
650 4 _aDOCENTES
650 4 _aFORMACION PROFESIONAL
650 4 _aESCUELAS NORMALES
650 4 _aPROCESO DE APRENDIZAJE
650 4 _aEDUCACION NO FORMAL
650 4 _aZONAS RURALES
651 4 _aAmérica Latina
653 _aESTRATEGIAS EDUCATIVAS
653 _aPROBLEMAS EDUCATIVOS
800 1 _aTedesco, Juan Carlos
_edirector
942 _cBK
998 _cCarmen
999 _c7603
_d7603